| 000 | 00991nas a2200313 4500 | ||
|---|---|---|---|
| 001 | BR2015005753 | ||
| 003 | BR-BrBNA | ||
| 005 | 20231205125811.0 | ||
| 007 | ta | ||
| 008 | 230509b bl.|||p| |||| 00| 00por d | ||
| 040 |
_aBR-BrBNA _bpor _cBiblioteca Nacional de Agricultura |
||
| 041 | _a(En) | ||
| 072 | _aU10; F06 | ||
| 100 | 1 | _aPerboni, A. | |
| 100 | 1 | _aFrizzone, J.A. | |
| 100 | 1 | _aCamargo, A.P. de | |
| 100 | 1 | _aPinto, M.F. | |
| 245 | 1 | _aModelling head loss along emitting pipes using dimensional analysis | |
| 650 | _aMODELO MATEMATICO | ||
| 650 | _aIRRIGACAO POR GOTEJAMENTO | ||
| 650 | _aEQUIPAMENTO AGRICOLA | ||
| 650 | _aEQUIPAMENTO DE IRRIGACAO | ||
| 650 | _aCOMPRIMENTO | ||
| 650 | _aMEDICAO | ||
| 773 | 0 |
_tEngenharia Agrícola (Brazil) _xISSN 1809-4430 _g(May-Jun 2015), v. 35(3) p. 442-457 _wBR2015005753 |
|
| 856 | 4 | 0 | _uhttp://www.scielo.br/pdf/eagri/v35n3/1809-4430-eagri-35-3-0442.pdf |
| 909 |
_a202311 _bLúcia _c55 _dLúcia Elande |
||
| 942 |
_2AGRIS _n0 _cANA |
||
| 999 |
_c246213 _d246213 |
||